|
|
|
|
| LEADER |
02281nam a22003137a 4500 |
| 001 |
44766 |
| 003 |
BD-DhAAL |
| 005 |
20250910150042.0 |
| 008 |
250910t2025 |||||||| |||| 00| 0 eng d |
| 020 |
|
|
|a 9798343665086
|
| 040 |
|
|
|a BD-DhAAL
|c BD-DhAAL
|
| 041 |
|
|
|a eng
|a jpn
|
| 082 |
|
|
|a 495.682421
|2 23
|
| 245 |
|
|
|a Learn Japanese for adult beginners :
|b speak Japanese in 30 days! : 7 books in 1.
|
| 246 |
0 |
8 |
|a Learn Japanese for adult beginners
|
| 260 |
|
|
|a [Place of publication not identified] :
|b Explore to Win,
|c 2025.
|
| 300 |
|
|
|a 373 pages ;
|c 28 cm
|
| 505 |
|
|
|a bk. 1. Learn Japanese for adult beginners -- bk. 2. The essential Japanese workbook for beginners -- bk. 3. Japanese grammar and sentence patterns for beginners -- bk. 4. Japanese vocabulary builder for beginners -- bk. 5. Speak Japanese like a native -- bk. 6. Japanese short stories for beginners -- bk. 7. Advanced Japanese workbook for beginners.
|
| 526 |
|
|
|a CSE
|x Annajiat Alim Rasel
Senior Lecturer
Department of Computer Science and Engineering
BRAC University
Course Name : Japanese Language and General for ITEE (JPN 101)
|
| 541 |
|
|
|a Trim Education
|e 44766, 44767
|
| 546 |
|
|
|a In English and Japanese.
|
| 650 |
|
|
|a Japanese language
|v Textbooks for foreign speakers
|x English.
|9 59285
|
| 650 |
|
|
|a Japanese language
|x Study and teaching
|x English speakers.
|9 59290
|
| 710 |
|
|
|a Explore to Win.
|9 59291
|
| 852 |
|
|
|a Ayesha Abed Library
|c General Stacks
|
| 942 |
|
|
|c BK
|2 ddc
|
| 999 |
|
|
|c 47436
|d 47436
|
| 952 |
|
|
|0 0
|1 0
|2 ddc
|4 0
|6 495_682421000000000_LEA
|7 0
|9 78087
|a BRACUL
|b BRACUL
|c GEN
|d 2025-09-02
|e Trim Education
|g 9500.00
|l 0
|o 495.682421 LEA
|p 3010044767
|r 2025-09-02
|t 2
|v 19000.00
|w 2025-09-02
|y BK
|x Requisitioned by Annajiat Alim Rasel (Senior Lecturer, Department of Computer Science and Engineering, BRAC University) for the course named - 'Japanese Language and General for ITEE (JPN 101)'
|
| 952 |
|
|
|0 0
|1 0
|2 ddc
|4 0
|6 495_682421000000000_LEA
|7 0
|9 78088
|a BRACUL
|b BRACUL
|c NEW
|d 2025-09-02
|e Trim Education
|g 9500.00
|l 2
|m 15
|o 495.682421 LEA
|p 3010044766
|q 2026-02-17
|r 2025-10-08
|s 2025-10-08
|t 1
|v 19000.00
|w 2025-09-02
|y BK
|x Requisitioned by Annajiat Alim Rasel (Senior Lecturer, Department of Computer Science and Engineering, BRAC University) for the course named - 'Japanese Language and General for ITEE (JPN 101)'
|